| 000 | 00498nab a2200145Ia 4500 | ||
|---|---|---|---|
| 003 | ES-SlBCS | ||
| 005 | 20210601133740.0 | ||
| 008 | 140529s2006 xxu||||| |||| 00| 0 por d | ||
| 041 | _apor | ||
| 100 | 1 |
_aSantis Feltran, Regima Célia de _9209169 |
|
| 245 | 0 | 0 |
_aO professor de Medicina Veterinária na ótica de ex-alunos _c Regima Célia de Santis Feltran |
| 650 | 0 | 4 |
_aVeterinaria-Medicina _9209170 |
| 773 | 0 |
_tEducaçao e Filosofia _gvol. 20, nº. 40, 2006, págs. 243-262 _wRev1534 |
|
| 942 | _cAR | ||
| 999 |
_c601485 _d601485 |
||